000
00317nam a22001217a 4500
040
_c
SY
082
_a
381
100
_a
SENG EANG SAMRAING; សេងអៀង សំរាំង
245
_a
Non-timber forest product, អនុផលព្រៃឈើ
260
_a
RUA
_b
SEN
_c
2011
300
_a
44p.
942
_c
KB
999
_c
9324
_d
9324